| 000 | 00613nam a22001937a 4500 | ||
|---|---|---|---|
| 999 |
_c11781 _d11781 |
||
| 008 | 210104b ||||| |||| 00| 0 eng d | ||
| 020 | _a9780070144941 | ||
| 082 |
_a658.4038011 _bOBR |
||
| 100 | _aOBrien, James A. | ||
| 245 | _aManagement information systems : a managerial end user perspective | ||
| 250 | _a9th Ed. | ||
| 260 |
_aNew Delhi _bTata McGraw Hill education Pvt. Ltd. _c2010 |
||
| 300 |
_axxx, 831p. _bPbc |
||
| 650 | _aManagement information systems | ||
| 650 | _aBusiness--Data processing | ||
| 650 | _aInformation technology--Management | ||
| 650 | _aElectronic commerce | ||
| 942 | _cBK | ||